[Event "Rochefort op-B 16th"]
[Site "Rochefort"]
[Date "2017.02.18"]
[Round "7"]
[White "Cazeaux, Didier"]
[Black "Orlovic, Isa"]
[Result "0-1"]
[WhiteElo "1751"]
[BlackElo "1827"]
[PlyCount "61"]
[EventDate "2017.02.18"]
[EventType "swiss"]
[EventRounds "9"]
[EventCountry "FRA"]
[SourceTitle "CBM 177 Extra"]
[Source "ChessBase"]
[SourceDate "2017.04.27"]
[SourceVersion "1"]
[SourceVersionDate "2017.04.27"]
[SourceQuality "1"]

1. e4 e6 2. d3 Nf6 3. g3 Bb4+ 4. Nd2 0-0 5. Bg2 d5 6. e5 Nfd7 7. Ngf3 c5 8. 0-0 Nc6 9. c3 Ba5 10. Re1 Rb8 11. Nf1 Ne7 12. Ng5 h6 13. Nf3 Ng6 14. h4 Qc7 15. h5 Ne7 16. N1h2 Rd8 17. Bf4 d4 18. Qd2 Nd5 19. Bxh6 f6 20. exf6 N7xf6 21. Bf4 Nxf4 22. gxf4 Nd5 23. Ne5 dxc3 24. bxc3 Bxc3 25. Qe2 Bxa1 26. h6 Bxe5 27. h7+ Kh8 28. fxe5 Nf4 29. Qd2 Nxg2 30. Kxg2 Qc6+ 31. Re4 0-1

[Event "Rochefort op-B 16th"]
[Site "Rochefort"]
[Date "2017.02.18"]
[Round "6"]
[White "Orlovic, Isa"]
[Black "Boudet, Olivier"]
[Result "1/2-1/2"]
[WhiteElo "1827"]
[BlackElo "1703"]
[PlyCount "54"]
[EventDate "2017.02.18"]
[EventType "swiss"]
[EventRounds "9"]
[EventCountry "FRA"]
[SourceTitle "CBM 177 Extra"]
[Source "ChessBase"]
[SourceDate "2017.04.27"]
[SourceVersion "1"]
[SourceVersionDate "2017.04.27"]
[SourceQuality "1"]

1. Nf3 Nf6 2. d4 g6 3. g3 Bg7 4. Bg2 0-0 5. 0-0 d6 6. Re1 c6 7. e4 Bg4 8. h3 Bxf3 9. Qxf3 e5 10. dxe5 dxe5 11. Nc3 Na6 12. Be3 Qe7 13. a3 Rfd8 14. Bf1 Nc7 15. Bc4 Ne6 16. Bxe6 Qxe6 17. g4 b6 18. Qe2 h6 19. Red1 Ne8 20. Rxd8 Rxd8 21. f3 Qc8 22. Rd1 Rxd1+ 23. Qxd1 Bf8 24. Kg2 Qc7 25. Qd2 Kh7 26. Qe2 Qc8 27. Qd2 Qc7 1/2-1/2

[Event "Muret Seniors op 14th"]
[Site "Muret"]
[Date "2015.06.26"]
[Round "5"]
[White "Koenig, Joel"]
[Black "Orlovic, Isa"]
[Result "1-0"]
[WhiteElo "1854"]
[BlackElo "1868"]
[PlyCount "87"]
[EventDate "2015.06.22"]
[EventType "swiss"]
[EventRounds "7"]
[EventCountry "FRA"]
[SourceTitle "EXT 2016"]
[Source "ChessBase"]
[SourceDate "2015.10.08"]
[SourceVersion "1"]
[SourceVersionDate "2015.10.08"]
[SourceQuality "1"]

1. Nc3 d5 2. e4 dxe4 3. Nxe4 Nf6 4. Ng3 g6 5. Bc4 Bg7 6. Nf3 c6 7. d4 Qc7 8. c3 0-0 9. 0-0 Bg4 10. Re1 e6 11. h3 Bxf3 12. Qxf3 Nd5 13. Bb3 a5 14. a3 a4 15. Ba2 Qa5 16. Bd2 b5 17. Ne4 Qc7 18. Bg5 Nd7 19. Bh4 Qf4 20. Qxf4 Nxf4 21. Rad1 Nb6 22. Nd6 Nfd5 23. Rd3 Ra7 24. Rf3 Rfa8 25. Rd3 Bf8 26. Bg3 Bxd6 27. Bxd6 Nc4 28. Bc5 Rb7 29. Bxc4 bxc4 30. Rd2 Nf4 31. Bb4 Nd3 32. Re3 Rd8 33. Re4 Rd5 34. Kf1 c5 35. dxc5 Nxb4 36. Rxd5 Nxd5 37. Rxc4 Rxb2 38. c6 Rb8 39. Ke2 Kf8 40. Kd3 Rc8 41. Kd4 Nb6 42. Rc5 Ke7 43. g4 Kd6 44. c7 1-0

[Event "Muret Seniors op"]
[Site "Muret"]
[Date "2014.06.27"]
[Round "5"]
[White "Orlovic, Isa"]
[Black "Flourac, Jean Paul"]
[Result "1-0"]
[WhiteElo "1856"]
[BlackElo "1531"]
[PlyCount "109"]
[EventDate "2014.06.23"]
[EventType "swiss"]
[EventRounds "6"]
[EventCountry "FRA"]
[SourceTitle "EXT 2015"]
[Source "ChessBase"]
[SourceDate "2014.11.20"]
[SourceVersion "1"]
[SourceVersionDate "2014.11.20"]
[SourceQuality "1"]

1. d4 Nf6 2. c4 b6 3. Nc3 Bb7 4. Nf3 e6 5. Bf4 Be7 6. e3 Nh5 7. Bg3 0-0 8. Rc1 Nf6 9. d5 Bb4 10. Bh4 Be7 11. Bxf6 Bxf6 12. Bd3 Bxc3+ 13. Rxc3 Na6 14. h4 Nc5 15. Rh3 f5 16. Bc2 Qf6 17. Qd4 exd5 18. cxd5 Qxd4 19. Nxd4 Bxd5 20. Nxf5 Be4 21. Rxc5 Bxc2 22. Ne7+ Kf7 23. Rxc2 Kxe7 24. Rxc7 Rf6 25. Rg3 Rf7 26. Rg4 Kd6 27. Rcc4 Raf8 28. Rgd4+ Ke7 29. f4 Kd8 30. g4 h6 31. Rd5 Rf6 32. Kd2 R8f7 33. b4 Re7 34. b5 Rfe6 35. Rc3 g6 36. Rd4 Re4 37. Rcd3 Kc8 38. g5 hxg5 39. hxg5 R4e6 40. Ra4 Kb7 41. Rda3 Kc7 42. Rxa7+ Kd6 43. Rd3+ Kc5 44. a4 Kb4 45. Rd4+ Kb3 46. Rdxd7 Rxd7+ 47. Rxd7 Kxa4 48. Rd5 Kb4 49. Kd3 Kb3 50. Kd4 Kc2 51. e4 Kd2 52. Rd7 Ke2 53. Kd5 Re8 54. e5 Kf3 55. Rf7 1-0

[Event "Muret Seniors op"]
[Site "Muret"]
[Date "2014.06.24"]
[Round "2"]
[White "Orlovic, Isa"]
[Black "Saunders, Mark A"]
[Result "1/2-1/2"]
[WhiteElo "1856"]
[BlackElo "1759"]
[PlyCount "121"]
[EventDate "2014.06.23"]
[EventType "swiss"]
[EventRounds "6"]
[EventCountry "FRA"]
[SourceTitle "EXT 2015"]
[Source "ChessBase"]
[SourceDate "2014.11.20"]
[SourceVersion "1"]
[SourceVersionDate "2014.11.20"]
[SourceQuality "1"]

1. e4 e6 2. d4 d5 3. exd5 exd5 4. Bb5+ c6 5. Be2 Bd6 6. Nf3 Ne7 7. 0-0 0-0 8. Nbd2 Qc7 9. Re1 Ng6 10. Nf1 Nf4 11. Be3 Nxe2+ 12. Qxe2 Bg4 13. h3 Bh5 14. g4 Bg6 15. Nh4 Nd7 16. f4 Bxf4 17. Bxf4 Qxf4 18. Qe3 Qxe3+ 19. Nxe3 Be4 20. c3 g6 21. Nhg2 Rae8 22. b3 Re7 23. Nf1 Rfe8 24. Ng3 Bxg2 25. Rxe7 Rxe7 26. Kxg2 Nf6 27. c4 Kf8 28. Rc1 Ke8 29. Kf3 Kd7 30. h4 Ne4 31. Nf1 h6 32. Rc2 Nf6 33. Ne3 Re4 34. g5 hxg5 35. hxg5 Nh7 36. cxd5 Nxg5+ 37. Ke2 Rxd4 38. dxc6+ bxc6 39. Nc4 Ne6 40. Ne5+ Ke8 41. Nxc6 Rd7 42. Rc4 Nd8 43. Nd4 f6 44. a4 Kf7 45. b4 Ne6 46. Nb5 g5 47. Ke3 f5 48. Rc6 Re7 49. Kf2 Nf4 50. Nd6+ Kf6 51. Ne4+ Ke5 52. Nxg5 Nd3+ 53. Kf1 Nxb4 54. Rc4 Nd5 55. Nf3+ Kd6 56. Kf2 Re4 57. Nd4 Ke5 58. Nc6+ Kd6 59. Rxe4 fxe4 60. Nxa7 Kc5 61. Nb5 1/2-1/2